Loading...

Sage Handbook of new approaches in management and organization

Bibliografiske detaljer
Hovedforfatter: Barry, Daved., ed (ed.by)
Andre forfattere: Hansen, Hans, ed.by
Format: Printed Book
Sprog:English
Udgivet: New Delhi Sage 2008
Fag:
LEADER 00759nam a2200205 a 4500
005 20151026132453.0
008 960221s1955 dcuabcdjdbkoqu001 0deng d
003 ViArRB
080 |a 658.1 (035)  |b BAR R 
100 |a Barry, Daved., ed.  |e ed.by  |9 14286 
245 |a Sage Handbook of new approaches in management and organization  |c ed.by David Barry and Hans Hansen 
300 |a xx, 609p. 
653 |a Management  |a Business enterprises  |a Management and business studies 
700 |a Hansen, Hans, ed.by  |9 14249 
942 |c BK  |6 _ 
260 |a New Delhi  |b Sage  |c 2008  |9 13580 
500 |a   
020 |a 9781412912181 
999 |c 49461  |d 49461 
952 |0 0  |1 0  |2 udc  |4 0  |6 6581_035BARR  |7 1  |9 62234  |a UL  |b UL  |c REF  |d 2010-06-16  |o 658.1 (035) BAR R  |p 00064301  |r 2010-06-16  |w 2010-06-16  |y REF